| 000 | 00313 a2200133 4500 | ||
|---|---|---|---|
| 001 | 12627 | ||
| 082 | _a425CHO | ||
| 090 |
_c9632 _d9632 |
||
| 100 | _aChoy, Penelope | ||
| 245 |
_aBasic Grammar and Usage, 5/e _cPenelope Choy |
||
| 250 | _a5 | ||
| 260 |
_aNY _bHarcourt Brace College _c1998 |
||
| 300 | _axiv, 317 p. | ||
| 942 |
_aNUST-CAE _k425CHO |
||
| 999 |
_c247700 _d247700 |
||